Education of children with special needs / (Record no. 123727)

MARC details
000 -LEADER
fixed length control field 00750nam a22002297a 4500
005 - DATE AND TIME OF LATEST TRANSACTION
control field 20170124105929.0
010 ## - LIBRARY OF CONGRESS CONTROL NUMBER
LC control number B-021888
020 ## - INTERNATIONAL STANDARD BOOK NUMBER
Terms of availability 00.00
International Standard Book Number 8171415393
035 ## - SYSTEM CONTROL NUMBER
System control number B-021888
037 ## - SOURCE OF ACQUISITION
Source of stock number/acquisition Cen Lib/Ret
040 ## - CATALOGING SOURCE
Original cataloging agency DPL
Language of cataloging EN
082 ## - DEWEY DECIMAL CLASSIFICATION NUMBER
Classification number 371.9
100 ## - MAIN ENTRY--PERSONAL NAME
Personal name Reddy,G.Lokanadha
9 (RLIN) 7841
245 ## - TITLE STATEMENT
Title Education of children with special needs /
Statement of responsibility, etc by G.Lokanadha Reddy;R.Ramar [and] A.Kusuma
260 ## - PUBLICATION, DISTRIBUTION, ETC. (IMPRINT)
Place of publication, distribution, etc New Delhi
Name of publisher, distributor, etc Discovery publishing house
Date of publication, distribution, etc 2000
270 ## - ADDRESS
Address 4831/24, Ansari road Prahlad street Darya Ganj
City New Delhi
Postal code 110002
300 ## - PHYSICAL DESCRIPTION
Extent 247p.
Dimensions 21cm(Hb)
500 ## - GENERAL NOTE
General note Includes index
650 ## - SUBJECT ADDED ENTRY--TOPICAL TERM
Topical term or geographic name as entry element Eucation -special childrens
9 (RLIN) 7842
650 ## - SUBJECT ADDED ENTRY--TOPICAL TERM
Topical term or geographic name as entry element Differntly abled childrens
9 (RLIN) 7843
942 ## - ADDED ENTRY ELEMENTS (KOHA)
Source of classification or shelving scheme Dewey Decimal Classification
Koha item type English Books
Classification part 371.9
Call number suffix RED
Holdings
Withdrawn status Lost status Damaged status Not for loan Home library Current library Date acquired Source of acquisition Cost, normal purchase price Total Checkouts Full call number Barcode Date last seen Copy number Cost, replacement price Price effective from Koha item type Public note
Written off       Central Library Central Library 11/06/2015 Cen Lib/Ret 0.00   371.9 RED B-021888 11/06/2015 1 0.00 11/06/2015 English Books Written off on approval by DLB (By Circulation); dtd 15-06-2023

© Delhi Public Library
Hit Counter
free hit counter